Statistics for 20 Largest Countries compared to Continent

Click here to take the quiz!

General Stats

  • This quiz has been taken 2,989 times
  • The average score is 13 of 20

Answer Stats

%COUNTRY% Correct
85,4%Australia
98%
47,7%Brazil
89%
40,8%Canada
87%
38,9%Russia (European)
83%
38,9%United States
83%
21,8%China
74%
7,5%IIndia
70%
30,0%Russia (Asian)
69%
15,6%Argentina
63%
6,2%KKazakhstan
62%
5,4%FFrance
60%
8,0%Mexico
60%
7,2%PPeru
58%
7,7%DDemocratic Republic of the Congo
52%
6,4%CColombia
51%
5,9%UUkraine
50%
6,2%SSudan
46%
6,2%BBolivia
45%
7,8%Algeria
43%
5,8%LLibya
38%

Score Distribution

Percentile by Number Answered

Percent of People with Each Score

Your Score History

You have not taken this quiz